| 000 | 02194nab a22002777a 4500 | ||
|---|---|---|---|
| 999 |
_c8626 _d8626 |
||
| 003 | AR-RoUNA | ||
| 040 |
_aAR-RoUNA _bspa |
||
| 041 |
_aspa _hspa |
||
| 044 | _aag | ||
| 110 | 1 |
_bUniversidad del Zulia. Venezuela _928 _aFacultad de Arquitectura y Diseño |
|
| 245 | 1 |
_aPortafolio : _bRevista Arbitrada por la Facultad de Arquitectura y Diseño. Universidad del Zulia _hNº 22 |
|
| 260 |
_aVenezuela, Universidad del Zulia : _bFrancisco Mustieles, _c2000 |
||
| 300 |
_a77 p. : _bdib. _bfot. byn. _bplantas _c27x21 cm |
||
| 505 |
_aJavier Suarez Acosta / EDITORIAL. p.4-5 _tLourdes Peñaranda / A Proposito de la Independencia de la forma en el Arte. p.6-15 _tCarmen Grisolia Carmona / El Diseño Grafico y su Rol en la Construccion de la Identidad Urbana. Caso de Estudio: Merida, Venezuela. p.16-30 _tJhonatan Medina Cardona / Emblema y Empresas en Venezuela. Procesos de Traduccion y Sustitucion Semiotica en la Heraldica Sociopolitica Contemporanea. p.32-43 _tYolegmma Marquez de Vidal / Del Arte a la Arquitectua y al Diseño. Valoracion Estetica y Procesos Creativos. p.44-53 _tHender Viloria Matheus / Impacto de las Tecnologias de la Informacion y la Comunicacion en el Desarrollo de la Infografia Digital. p. 54-62 _tJose Ignacio Sanchez /Jose Enrique Finol. Los Imaginarios de lo Cotidiano en la Comprension de un Mundo Diseñado. p.64-67 _tEsteban Lazzetta Di Stasio / Reseña de Eventos. X Congreso Internacional de la Psicoogia Social de la Libracion. Caracas Venezuela. Universidad Central de Venezuela y Universidad Catolica. Andres Bello. p.68 _tEsteban Lazzetta Di Stasio / Reseña de Eventos. X Congreso Internacional de Historia Regional y Local Coro Eduardo Falcon Venezuela. Universidad Nacional Experimental Francisco de Miranda Sede Complejo Educativo Los Perozo.. p.69 |
||
| 650 | _2Arquitectura | ||
| 650 | _2Arte | ||
| 650 | _2Diseño Grafico | ||
| 653 | _aTecnologia de la Informacion | ||
| 653 | _aTecnologia de la Comunicacion | ||
| 773 | 0 |
_aPortaFolio _dVenezuela, Universidad del Zulia, 2000 _gvol 2 Nº 22 (jul-dic 2010) p.67 _x1317-2085 |
|
| 856 | _uwww.fad.luz.edu.ve/portafolio/ | ||
| 908 | _aImp | ||
| 942 |
_2udc _cART |
||
| 945 | _aZBK | ||